Missing Word: Disney Characters Quiz Stats

 Plays Quiz Updated Mar 20, 2016

Challenge
Share
Tweet
Embed
Score 0/20 Timer 03:00
3 Plays Today
Character Missing Word % Correct
Magic ______Carpet
78.3%
Mrs. ______Potts
67.3%
____ LouieKing
67%
Prince ____Eric
61.4%
March ____Hare
50.7%
George _______Darling
37.4%
Governor ____Ratcliffe
24%
Robert ____Parr
22.9%
_______ Q. MouseTimothy
22.8%
_______ PhoebusCaptain
21.9%
Character Missing Word % Correct
Gideon the ___Cat
18.5%
Auto _____Pilot
18.2%
____ La BouffLottie
11.8%
Aunt ____Sarah
10.6%
_____ JookibaJumba
9.3%
_____ BalthazarEdgar
7%
Trigger and ____Nutsy
6.8%
____ BrothersStabbington
5.5%
____ Q. PorterArchimedes
5.2%
_____ the SquirrelBucky
4.5%

Today's Daily Dose

You're not logged in!

Compare scores with friends on all Sporcle quizzes.
OR
Log In

You Might Also Like...

Show Comments

Extras

Top Quizzes Today


Score Distribution

Your Account Isn't Verified!

In order to create a playlist on Sporcle, you need to verify the email address you used during registration. Go to your Sporcle Settings to finish the process.

Report this User

Report this user for behavior that violates our Community Guidelines.

Details: